Neural network fundamentals with graphs, algorithms, and applications / (Record no. 62092)

000 -LEADER
fixed length control field 01337pam a2200301 a 4500
001 - CONTROL NUMBER
control field 4924715
003 - CONTROL NUMBER IDENTIFIER
control field NUST-PNEC
005 - DATE AND TIME OF LATEST TRANSACTION
control field 20170116180739.0
008 - FIXED-LENGTH DATA ELEMENTS--GENERAL INFORMATION
fixed length control field 950413s1996 nyua b 001 0 eng
010 ## - LIBRARY OF CONGRESS CONTROL NUMBER
LC control number 95016922
020 ## - INTERNATIONAL STANDARD BOOK NUMBER
International Standard Book Number 0070066183 (acidfree paper)
020 ## - INTERNATIONAL STANDARD BOOK NUMBER
International Standard Book Number 0071140646
040 ## - CATALOGING SOURCE
Original cataloging agency DLC
Transcribing agency PNEC
Modifying agency DLC
050 00 - LIBRARY OF CONGRESS CALL NUMBER
Classification number QA76.87
Item number .B68 1996
082 00 - DEWEY DECIMAL CLASSIFICATION NUMBER
Classification number 006.3 BOS
Edition number 20
100 1# - MAIN ENTRY--PERSONAL NAME
Personal name Bose, N. K.
Fuller form of name (Nirmal K.),
Dates associated with a name 1940-
245 10 - TITLE STATEMENT
Title Neural network fundamentals with graphs, algorithms, and applications /
Statement of responsibility, etc. N.K. Bose, P. Liang.
260 ## - PUBLICATION, DISTRIBUTION, ETC.
Place of publication, distribution, etc. New York :
Name of publisher, distributor, etc. McGraw-Hill,
Date of publication, distribution, etc. c1996.
300 ## - PHYSICAL DESCRIPTION
Extent xxxiii, 478 p. :
Other physical details ill. ;
Dimensions 25 cm.
440 #0 - SERIES STATEMENT/ADDED ENTRY--TITLE
Title McGraw-Hill series in electrical and computer engineering.
Name of part/section of a work PNECCommunications and signal processing
504 ## - BIBLIOGRAPHY, ETC. NOTE
Bibliography, etc. note Includes bibliographical references (p. 447-462) and index.
650 #0 - SUBJECT ADDED ENTRY--TOPICAL TERM
Topical term or geographic name entry element Neural networks (Computer science)
General subdivision Computer, MIS
700 1# - ADDED ENTRY--PERSONAL NAME
Personal name Liang, Ping,
Dates associated with a name 1958-
856 ## - ELECTRONIC LOCATION AND ACCESS
Uniform Resource Identifier <a href="http://www.amazon.com/Fundamentals-Algorithms-Applications-McGraw-Hill-International/dp/0071140646/ref=sr_1_1?s=books&ie=UTF8&qid=1418147421&sr=1-1&keywords=0071140646">http://www.amazon.com/Fundamentals-Algorithms-Applications-McGraw-Hill-International/dp/0071140646/ref=sr_1_1?s=books&ie=UTF8&qid=1418147421&sr=1-1&keywords=0071140646</a>
906 ## - LOCAL DATA ELEMENT F, LDF (RLIN)
a 7
b cbc
c orignew
d 1
e ocip
f 19
g y-gencatlg
942 ## - ADDED ENTRY ELEMENTS (KOHA)
Source of classification or shelving scheme
Koha item type Book
Holdings
Withdrawn status Lost status Source of classification or shelving scheme Damaged status Not for loan Permanent Location Current Location Shelving location Date acquired Source of acquisition Cost, normal purchase price Total Checkouts Full call number Barcode Date last seen Cost, replacement price Price effective from Koha item type
          Pakistan Navy Engineering College (PNEC) Pakistan Navy Engineering College (PNEC)   12/09/2010 Donated 500.00   006.3 BOS PNECLIB-029994 12/09/2014 500.00 12/09/2010 Book
© 2023 Central Library, National University of Sciences and Technology. All Rights Reserved.